000
00356nam a2200133Ia 4500
008
231129s2012||||xx |||||||||||||| ||spa||
020
_a
978-958-97532-9-3
082
_a
GOR- 109
100
_a
González Salazar Alan
245
0
_a
Anónimos
260
_c
2012
264
_a
Medellín: Marticolor 2012
942
_2
ddc
_c
BKS
999
_c
5203
_d
5203